Countries With 'GU' Quiz Stats

 Plays Quiz Updated Mar 18, 2013

Also try: Countries With 'K'
Challenge
Share
Tweet
Embed
Score 0/10 Timer 02:00
5 Plays Today
Country % Correct
Guinea
76.4%
Guyana
71.5%
Uruguay
65.6%
Paraguay
65.2%
Guatemala
61.5%
Guinea-Bissau
60.5%
Papua New Guinea
56.8%
Equatorial Guinea
53.7%
Nicaragua
37.2%
Antigua and Barbuda
29.4%

You're not logged in!

Compare scores with friends on all Sporcle quizzes.
Join for Free
OR
Log In

You Might Also Like...

Show Comments

Extras

Top Quizzes Today


Score Distribution

Your Account Isn't Verified!

In order to create a playlist on Sporcle, you need to verify the email address you used during registration. Go to your Sporcle Settings to finish the process.

Report this User

Report this user for behavior that violates our Community Guidelines.

Details: